Statistics for TOP 10 US States: Drug Overdose Deaths

Click here to take the quiz!

General Stats

  • This quiz has been taken 198 times
  • The average score is 6 of 10

Answer Stats

RankState% Correct
5.Ohio
70%
1.West Virginia
61%
3.Kentucky
60%
9.Maine
58%
6.New Mexico
58%
8.Nevada
57%
4.Pennsylvania
57%
7.Massachusetts
46%
10.Utah
45%
2.New Hampshire
44%

Score Distribution

Percentile by Number Answered

Percent of People with Each Score

Your Score History

You have not taken this quiz